[Event "AUT_2BO_200607"]
[Site "6 810Zwettl,4 511Bruck/L,2"]
[Date "2007.04.15"]
[Round "11"]
[Board "2"]
[White "Plachetka, Jan"]
[Black "Janetschek, Karl"]
[Result "1-0"]
[WhiteElo "2402"]
[BlackElo "2289"]
[PlyCount "81"]
[EventDate "2006.10.06"]
[EventType "team"]
[EventRounds "11"]
[EventCountry "AUT"]
[WhiteTeam "Austria Wien"]
[BlackTeam "SK Zwettl"]

1.d4 Nf6 2.c4 e6 3.Nc3 Bb4 4.e3 O-O 5.Bd3 d5 6.a3 Bxc3+ 7.bxc3 dxc4 8.Bxc4 c5
9.Ne2 Nc6 10.O-O e5 11.Ba2 Qc7 12.d5 Rd8 13.c4 e4 14.Qc2 Ne7 15.Ng3 Bf5 16.Bb2
Bg6 17.Rad1 Nc8 18.Bxf6 gxf6 19.Nxe4 Qe7 20.Bb1 Nd6 21.f3 f5 22.Nxd6 Qxe3+
23.Qf2 Qxf2+ 24.Rxf2 Rxd6 25.Rb2 Rb6 26.Rdd2 f4 27.Be4 Kf8 28.Kf2 Rd8 29.Rxb6
axb6 30.d6 Rd7 31.Bxb7 f6 32.Bc6 Rd8 33.g3 fxg3+ 34.Kxg3 Bf5 35.Kf4 Be6 36.Bb5
Kf7 37.a4 Kf8 38.h4 Kf7 39.h5 h6 40.d7 Ke7 41.Re2

[Event "AUT_2BO_200607"]
[Site "6 810Zwettl,4 511Bruck/L,2"]
[Date "2007.04.15"]
[Round "11"]
[Board "3"]
[White "Lipp, Alfred"]
[Black "Staudner, Oliver"]
[Result "1/2-1/2"]
[WhiteElo "2174"]
[BlackElo "2391"]
[PlyCount "53"]
[EventDate "2006.10.06"]
[EventType "team"]
[EventRounds "11"]
[EventCountry "AUT"]
[WhiteTeam "SK Zwettl"]
[BlackTeam "Austria Wien"]

1.c4 Nf6 2.Nc3 e5 3.Nf3 Nc6 4.g3 Bb4 5.Bg2 O-O 6.O-O Re8 7.d3 Bxc3 8.bxc3 d6
9.Rb1 Rb8 10.Nd2 Bd7 11.Re1 a6 12.a4 Qc8 13.Nf1 h6 14.Qc2 Ne7 15.Ba3 Bc6 16.e4
a5 17.Ra1 Qd7 18.Bb2 Nc8 19.Ra2 Nb6 20.Rea1 Qg4 21.Ne3 Qh5 22.Nd5 Nbxd5 23.cxd5
Bd7 24.c4 b6 25.d4 exd4 26.Bxd4 Bh3 27.Bxf6

[Event "AUT_2BO_200607"]
[Site "6 810Zwettl,4 511Bruck/L,2"]
[Date "2007.04.15"]
[Round "11"]
[Board "4"]
[White "Vokroj, Rene"]
[Black "Hangweyrer, Roman"]
[Result "1-0"]
[WhiteElo "2330"]
[BlackElo "2188"]
[PlyCount "77"]
[EventDate "2006.10.06"]
[EventType "team"]
[EventRounds "11"]
[EventCountry "AUT"]
[WhiteTeam "Austria Wien"]
[BlackTeam "SK Zwettl"]

1.Nf3 Nf6 2.c4 g6 3.b4 Bg7 4.Bb2 d6 5.g3 O-O 6.Bg2 e5 7.d3 Nc6 8.b5 Ne7 9.O-O
Nd7 10.Nc3 f5 11.Ng5 Nf6 12.f4 exf4 13.gxf4 Ng4 14.Qb3 Ne3 15.Rf3 Nxg2 16.Kxg2
h6 17.c5+ d5 18.Nh3 c6 19.a4 Be6 20.Nd1 Qd7 21.d4 Bf6 22.Ndf2 g5 23.fxg5 hxg5
24.Nxg5 Bxg5 25.Rg3 Kf7 26.Rxg5 Rg8 27.Rxg8 Rxg8+ 28.Kh1 f4 29.Rg1 Rh8 30.Nd3
Ke8 31.Ne5 Qd8 32.bxc6 bxc6 33.Bc1 Nf5 34.Bxf4 Nxd4 35.Qb2 Nf5 36.Nxc6 d4
37.Nxd8 Bd5+ 38.Rg2 Rg8 39.e4

[Event "AUT_2BO_200607"]
[Site "6 810Zwettl,4 511Bruck/L,2"]
[Date "2007.04.15"]
[Round "11"]
[Board "5"]
[White "Stadler, Peter"]
[Black "Bukacek, Emil"]
[Result "1/2-1/2"]
[WhiteElo "2113"]
[BlackElo "2221"]
[PlyCount "30"]
[EventDate "2006.10.06"]
[EventType "team"]
[EventRounds "11"]
[EventCountry "AUT"]
[WhiteTeam "SK Zwettl"]
[BlackTeam "Austria Wien"]

1.d4 f5 2.Nf3 Nf6 3.g3 g6 4.Bg2 Bg7 5.O-O O-O 6.c4 d6 7.Nc3 Nc6 8.d5 Ne5 9.Nxe5
dxe5 10.e4 f4 11.b4 g5 12.Qd3 a6 13.Rb1 Qe8 14.a4 Qh5 15.f3 fxg3

[Event "AUT_2BO_200607"]
[Site "6 810Zwettl,4 511Bruck/L,2"]
[Date "2007.04.15"]
[Round "11"]
[Board "6"]
[White "Poecksteiner, Johann"]
[Black "Mlynek, Petr"]
[Result "1/2-1/2"]
[WhiteElo "2166"]
[BlackElo "2149"]
[PlyCount "36"]
[EventDate "2006.10.06"]
[EventType "team"]
[EventRounds "11"]
[EventCountry "AUT"]
[WhiteTeam "Austria Wien"]
[BlackTeam "SK Zwettl"]

1.d4 d5 2.c4 c6 3.Nf3 e6 4.cxd5 cxd5 5.Nc3 Nc6 6.Bf4 Nf6 7.e3 Be7 8.h3 O-O 9.Bd3
Bd7 10.O-O Qb6 11.Qe2 Rfc8 12.Rfc1 Qd8 13.a3 Na5 14.Nd2 a6 15.b4 Nc6 16.Nb3 a5
17.b5 Nb8 18.a4 Bb4

[Event "AUT_2BO_200607"]
[Site "6 810Zwettl,4 511Bruck/L,2"]
[Date "2007.04.15"]
[Round "11"]
[Board "1"]
[White "Ganaus, Hannes"]
[Black "Schlosser, Michael"]
[Result "1/2-1/2"]
[WhiteElo "2326"]
[BlackElo "2335"]
[PlyCount "21"]
[EventDate "2006.10.06"]
[EventType "team"]
[EventRounds "11"]
[EventCountry "AUT"]
[WhiteTeam "SPG Data Technology Eichgraben/Pressbaum"]
[BlackTeam "Aljechin/Wieden"]

1.e4 c6 2.d4 d5 3.Nc3 dxe4 4.Nxe4 Nd7 5.Nf3 Ngf6 6.Ng3 e6 7.Bc4 c5 8.O-O Nb6
9.Bb5+ Bd7 10.Bxd7+ Qxd7 11.Bg5

[Event "AUT_2BO_200607"]
[Site "6 810Zwettl,4 511Bruck/L,2"]
[Date "2007.04.15"]
[Round "11"]
[Board "2"]
[White "Pachta, Paul"]
[Black "Neumeier, Klaus"]
[Result "1/2-1/2"]
[WhiteElo "2300"]
[BlackElo "2289"]
[PlyCount "67"]
[EventDate "2006.10.06"]
[EventType "team"]
[EventRounds "11"]
[EventCountry "AUT"]
[WhiteTeam "Aljechin/Wieden"]
[BlackTeam "SPG Data Technology Eichgraben/Pressbaum"]

1.d4 Nf6 2.Nf3 g6 3.c4 Bg7 4.g3 O-O 5.Bg2 d6 6.O-O Nc6 7.Nc3 a6 8.Re1 Rb8 9.Rb1
Bf5 10.e4 Bg4 11.b4 Nd7 12.Be3 e5 13.d5 Nd4 14.h3 Bxf3 15.Bxf3 Nxf3+ 16.Qxf3 f5
17.Bd2 Rf7 18.Qg2 Qf8 19.f3 Bh6 20.Rf1 Qg7 21.Qe2 Bxd2 22.Qxd2 Rbf8 23.Kg2 Nf6
24.c5 fxe4 25.Nxe4 Nxe4 26.fxe4 Rxf1 27.Rxf1 Rxf1 28.Kxf1 Qf8+ 29.Qf2 Qxf2+
30.Kxf2 b5 31.Kf3 g5 32.g4 Kg7 33.Kg3 Kh6 34.h4

[Event "AUT_2BO_200607"]
[Site "6 810Zwettl,4 511Bruck/L,2"]
[Date "2007.04.15"]
[Round "11"]
[Board "4"]
[White "Vitouch, Anatol"]
[Black "Pichler, Michael"]
[Result "1-0"]
[WhiteElo "2208"]
[BlackElo "2192"]
[PlyCount "67"]
[EventDate "2006.10.06"]
[EventType "team"]
[EventRounds "11"]
[EventCountry "AUT"]
[WhiteTeam "Aljechin/Wieden"]
[BlackTeam "SPG Data Technology Eichgraben/Pressbaum"]

1.Nf3 d5 2.c4 e6 3.b3 d4 4.e3 Nc6 5.exd4 Nxd4 6.Bb2 Bc5 7.g3 Qf6 8.Nxd4 Bxd4
9.Bxd4 Qxd4 10.Nc3 Bd7 11.Bg2 O-O-O 12.O-O Nf6 13.Qc2 Be8 14.Rfd1 Ng4 15.d3 Nxf2
16.Qxf2 Qxc3 17.d4 Kb8 18.Rac1 Qa5 19.c5 c6 20.b4 Qc7 21.a4 a6 22.Rb1 Kc8
23.Rdc1 Kd7 24.b5 axb5 25.axb5 Ke7 26.Re1 Qd7 27.bxc6 bxc6 28.Red1 Rc8 29.Rb6 h5
30.Rdb1 Rc7 31.Qf4 Kf8 32.Qd6+ Qxd6 33.cxd6 Rc8 34.Rb8

[Event "AUT_2BO_200607"]
[Site "6 810Zwettl,4 511Bruck/L,2"]
[Date "2007.04.15"]
[Round "11"]
[Board "5"]
[White "Hechl, Gerald"]
[Black "Goetz, Alexander"]
[Result "0-1"]
[WhiteElo "2219"]
[BlackElo "2172"]
[PlyCount "66"]
[EventDate "2006.10.06"]
[EventType "team"]
[EventRounds "11"]
[EventCountry "AUT"]
[WhiteTeam "SPG Data Technology Eichgraben/Pressbaum"]
[BlackTeam "Aljechin/Wieden"]

1.e4 c5 2.a3 Nf6 3.e5 Nd5 4.d4 cxd4 5.Qxd4 e6 6.c4 Nc6 7.Qe4 f5 8.Qe2 Nde7 9.Nf3
Ng6 10.b4 d6 11.exd6 Bxd6 12.Bb2 O-O 13.Nc3 Bb8 14.Rd1 Qe8 15.b5 Nce5 16.Nxe5
Bxe5 17.Qc2 b6 18.c5 bxc5 19.b6 axb6 20.Bb5 Qe7 21.O-O Qh4 22.g3 Qh3 23.Bc6 Rb8
24.Bg2 Qh5 25.Rfe1 Bd4 26.Qa4 Bb7 27.Qd7 Bxg2 28.Qxe6+ Kh8 29.Kxg2 f4 30.Rxd4
cxd4 31.Nd5 fxg3 32.fxg3 Rbd8 33.Nxb6 Qf3+

[Event "AUT_2BO_200607"]
[Site "6 810Zwettl,4 511Bruck/L,2"]
[Date "2007.04.15"]
[Round "11"]
[Board "6"]
[White "Wirius, Johannes"]
[Black "Wandl, Werner"]
[Result "1/2-1/2"]
[WhiteElo "2188"]
[BlackElo "2114"]
[PlyCount "63"]
[EventDate "2006.10.06"]
[EventType "team"]
[EventRounds "11"]
[EventCountry "AUT"]
[WhiteTeam "Aljechin/Wieden"]
[BlackTeam "SPG Data Technology Eichgraben/Pressbaum"]

1.e4 e6 2.Nf3 d5 3.exd5 exd5 4.d4 Bd6 5.Nc3 c6 6.Bd3 Ne7 7.O-O Bg4 8.Re1 Qc7
9.h3 Bh5 10.Bg5 f6 11.Be3 Nd7 12.Na4 Qa5 13.b3 Bb4 14.Rf1 b5 15.a3 Bd6 16.Bd2
Bxf3 17.gxf3 Qc7 18.Nc3 O-O 19.Re1 Rfe8 20.Ne2 Ng6 21.Bxg6 hxg6 22.c4 bxc4
23.bxc4 dxc4 24.Qc2 Re7 25.Qxg6 Rae8 26.Ng3 Rxe1+ 27.Rxe1 Rxe1+ 28.Bxe1 Nf8
29.Qc2 Qf7 30.Bb4 Bxb4 31.axb4 Qd5 32.Nf5